[Event "Corporation Cup 2014"]
[Site "Izhevsk RUS"]
[Date "2014.07.14"]
[Round "3.1"]
[White "Khismatullin, Denis"]
[Black "Looshnikov, Nikolai"]
[Result "1-0"]
[WhiteTitle "GM"]
[BlackTitle "IM"]
[WhiteElo "2680"]
[BlackElo "2488"]
[WhiteFideId "4142578"]
[BlackFideId "4150104"]
[EventDate "2014.07.12"]

1. c4 c6 2. d4 d5 3. Nc3 Nf6 4. e3 g6 5. Nf3 Bg7 6. Be2 O-O 7. O-O b6 8. b4 Bb7
9. Bb2 e6 10. Qb3 Nbd7 11. Rfd1 Qe7 12. a4 dxc4 13. Bxc4 Nd5 14. a5 b5 15. Bf1
a6 16. Na2 Rfd8 17. e4 Nc7 18. e5 Nd5 19. Re1 Bf8 20. Bc1 h6 21. Bd2 f5 22. exf6
Qxf6 23. Nc3 Re8 24. Ne4 Qf7 25. Nc5 Nxc5 26. dxc5 Rad8 27. Ne5 Qg7 28. Bd3 Ne7
29. Bc3 Nf5 30. Rad1 Rd5 31. Ng4 Nd4 32. Bxd4 Rxd4 33. Rxe6 Rxb4 34. Nxh6+ Kh7
35. Qxb4 Rxe6 36. Nf5 Qe5 37. Qh4+ Kg8 38. Nh6+ Kg7 39. Ng4 Qd4 40. h3 Qxc5 41.
Bxg6 Kxg6 42. Rd7 Bg7 43. Qg3 Re7 44. Rd6+ Kf7 45. Nh6+ Kf8 46. Rd8+ Re8 47.
Qf4+ Ke7 48. Qc7+ 1-0

[Event "Corporation Cup 2014"]
[Site "Izhevsk RUS"]
[Date "2014.07.14"]
[Round "3.2"]
[White "Ulko, Jaroslav"]
[Black "Artemiev, Vladislav"]
[Result "1/2-1/2"]
[WhiteTitle "IM"]
[BlackTitle "GM"]
[WhiteElo "2461"]
[BlackElo "2652"]
[WhiteFideId "4116658"]
[BlackFideId "24101605"]
[EventDate "2014.07.12"]

1. d4 Nf6 2. c4 g6 3. Nc3 d5 4. cxd5 Nxd5 5. e4 Nxc3 6. bxc3 Bg7 7. Nf3 c5 8.
Be3 Bg4 9. Rc1 Bxf3 10. gxf3 Nd7 11. d5 Qa5 12. Qd2 f5 13. exf5 gxf5 14. Rg1 Ne5
15. Qe2 Bf6 16. f4 Nd7 17. Qh5+ Kd8 18. Bd2 Qxa2 19. Qxf5 Kc7 20. Rg3 Rad8 21.
c4 Kb8 22. Qb1 Qxb1 23. Rxb1 Bd4 24. Be3 Rhg8 25. Kd2 Rgf8 26. Bd3 Rf7 27. Be4
b6 28. Kd3 Kc7 29. Rbg1 Rdf8 30. Bf3 Rxf4 31. Bxf4+ Rxf4 32. Ke2 Ne5 33. Rh3 h5
34. Rg5 h4 35. Rh5 Rf8 36. R5xh4 Ng6 37. d6+ Kxd6 38. Rh6 Rf6 39. Kf1 a5 40. Be4
Nf4 41. Rxf6+ Bxf6 42. Rb3 Kc7 43. Rf3 Ne6 44. Bg6 Nd4 45. Rh3 b5 46. cxb5 Nxb5
47. Be8 Nd6 48. Ba4 Ne4 1/2-1/2

[Event "Corporation Cup 2014"]
[Site "Izhevsk RUS"]
[Date "2014.07.14"]
[Round "3.3"]
[White "Mokshanov, Alexey"]
[Black "Sjugirov, Sanan"]
[Result "0-1"]
[WhiteTitle "FM"]
[BlackTitle "GM"]
[WhiteElo "2440"]
[BlackElo "2643"]
[WhiteFideId "24121657"]
[BlackFideId "4189302"]
[EventDate "2014.07.12"]

1. e4 c5 2. Nf3 d6 3. Bb5+ Nc6 4. Bxc6+ bxc6 5. O-O Bg4 6. c3 Nf6 7. Re1 e6 8.
d3 Nd7 9. Nbd2 Bh5 10. h3 Be7 11. Nf1 O-O 12. Ng3 Bg6 13. b3 a5 14. a4 d5 15. c4
Bd6 16. Ne2 dxe4 17. dxe4 Qc7 18. Qc2 Bh5 19. g4 Bg6 20. Bb2 Rfd8 21. Rad1 f6
22. Kg2 Nf8 23. Ng3 e5 24. Nf5 Ne6 25. Nxd6 Rxd6 26. Rxd6 Qxd6 27. Nh4 Nf4+ 28.
Kh2 Qd3 29. Qxd3 Nxd3 30. Re2 Rb8 31. Nxg6 hxg6 32. Bc3 Rxb3 33. Bxa5 Nb2 34.
Rc2 Nxa4 35. Kg2 Nb2 36. Bd2 g5 37. Be3 Nd3 38. Kf1 Nf4 39. Bxf4 exf4 40. Ra2
Rc3 41. Ra6 Rxc4 42. f3 Rc3 43. Ke2 Rc2+ 44. Kf1 Rc3 45. Ke2 Rc2+ 46. Kf1 Kf7
47. Rxc6 Ke7 48. Rc7+ Kd6 49. Rxg7 c4 50. Ke1 c3 51. Rf7 Kc5 52. Rxf6 Kd4 53. e5
Ke3 54. Kd1 Rd2+ 55. Kc1 Kxf3 0-1

[Event "Corporation Cup 2014"]
[Site "Izhevsk RUS"]
[Date "2014.07.14"]
[Round "3.4"]
[White "Smirnov, Pavel"]
[Black "Predein, Vladimir"]
[Result "1-0"]
[WhiteTitle "GM"]
[BlackTitle "IM"]
[WhiteElo "2626"]
[BlackElo "2386"]
[WhiteFideId "4123425"]
[BlackFideId "4117786"]
[EventDate "2014.07.12"]

1. e4 c5 2. Nf3 e6 3. d4 cxd4 4. Nxd4 a6 5. Nc3 Qc7 6. Bd3 Nf6 7. f4 d6 8. O-O
Be7 9. Qe2 Nbd7 10. Nf3 e5 11. Kh1 O-O 12. fxe5 dxe5 13. Nd5 Nxd5 14. exd5 Qd6
15. c4 f5 16. Bc2 b5 17. b3 g6 18. Bh6 Re8 19. Rae1 Bd8 20. g4 Ba5 21. Rd1 Nf6
22. gxf5 Ng4 23. Bc1 Bxf5 24. Bxf5 gxf5 25. Nh4 1-0

[Event "Corporation Cup 2014"]
[Site "Izhevsk RUS"]
[Date "2014.07.14"]
[Round "3.5"]
[White "Kanter, Eduard"]
[Black "Demchenko, Anton"]
[Result "1-0"]
[WhiteTitle "IM"]
[BlackTitle "GM"]
[WhiteElo "2395"]
[BlackElo "2619"]
[WhiteFideId "4103963"]
[BlackFideId "4160258"]
[EventDate "2014.07.12"]

1. d4 g6 2. c4 Bg7 3. Nf3 f5 4. g3 Nf6 5. Bg2 O-O 6. O-O d6 7. Nc3 c6 8. Rb1 a5
9. Qb3 Na6 10. Rd1 Kh8 11. c5 Nc7 12. Ng5 a4 13. Nxa4 h6 14. Nf7+ Rxf7 15. Qxf7
Rxa4 16. Qxg6 Qf8 17. cxd6 exd6 18. Bf4 Be6 19. b4 Bg8 20. Qxf5 Bh7 21. Qh3 Bxb1
22. Rxb1 Ncd5 23. Qe6 Qe8 24. Bxd5 cxd5 25. Qxd6 Ne4 26. Qc7 Rxa2 27. Rc1 Nxf2
28. Be5 Nh3+ 29. Kh1 Bxe5 30. dxe5 Ra8 31. Qxb7 Ng5 32. Rc6 Ne6 33. Kg2 Rb8 34.
Rxe6 Rxb7 35. Rxe8+ Kg7 36. Rd8 Rb5 37. Rd6 Rxb4 38. Rxd5 Kg6 39. Kf3 Kf5 40.
e6+ Kxe6 41. Rh5 1-0

[Event "Corporation Cup 2014"]
[Site "Izhevsk RUS"]
[Date "2014.07.14"]
[Round "3.6"]
[White "Maletin, Pavel"]
[Black "Kozganbay, Erkin"]
[Result "1-0"]
[WhiteTitle "GM"]
[WhiteElo "2583"]
[BlackElo "2368"]
[WhiteFideId "4146786"]
[BlackFideId "13703773"]
[EventDate "2014.07.12"]

1. d4 f5 2. g3 Nf6 3. Bg2 g6 4. Nf3 Bg7 5. O-O O-O 6. c4 d6 7. Nc3 c6 8. Rb1 a5
9. Qb3 h6 10. d5 e5 11. c5 Kh7 12. dxc6 Nxc6 13. Rd1 e4 14. Nd4 d5 15. Ndb5 Be6
16. Bf4 Rf7 17. Bd6 Qc8 18. Na4 d4 19. Qa3 Nd5 20. f3 e3 21. f4 Ncb4 22. Nxd4
Bxd4 23. Rxd4 Nc2 24. Qd3 Ndb4 25. Rxb4 Nxb4 26. Qd1 Bxa2 27. Nb6 Qh8 28. Ra1
Rd8 29. Rxa2 Nxa2 30. Qb3 Rf6 31. Qxa2 Rfxd6 32. cxd6 Rxd6 33. Nd5 Qd4 34. Qb3
b5 35. Bf3 b4 36. Kg2 a4 37. Qxb4 Qxb4 38. Nxb4 Rb6 39. Nd3 Rxb2 40. Nxb2 a3 41.
Bd5 1-0

[Event "Corporation Cup 2014"]
[Site "Izhevsk RUS"]
[Date "2014.07.14"]
[Round "3.7"]
[White "Gabrielian, Artur"]
[Black "Glukhov, Alexander"]
[Result "1-0"]
[WhiteTitle "GM"]
[WhiteElo "2558"]
[BlackElo "2224"]
[WhiteFideId "4131002"]
[BlackFideId "4178882"]
[EventDate "2014.07.12"]

1. e4 c5 2. Nf3 Nc6 3. Bb5 e5 4. O-O Bd6 5. c3 a6 6. Ba4 Nge7 7. d3 O-O 8. Nbd2
Bc7 9. Bb3 d6 10. Nc4 d5 11. exd5 Nxd5 12. Re1 f6 13. Ne3 Be6 14. d4 cxd4 15.
cxd4 e4 16. Nxd5 Bxd5 17. Rxe4 Kh8 18. Bxd5 Qxd5 19. Re2 g5 20. h3 Rg8 21. Qb3
Rad8 22. Qxd5 Rxd5 23. Bd2 h5 24. Bc3 g4 25. hxg4 hxg4 26. Nh4 Nxd4 27. Re7 Bd6
28. Rxb7 Ne2+ 29. Kf1 Nxc3 30. bxc3 Be5 31. g3 Ra5 32. Rd1 Rg7 33. Rb3 Rxa2 34.
Nf5 Rc7 35. Ne3 a5 36. Rb8+ Kg7 37. Rdd8 a4 38. Ra8 Kf7 39. c4 a3 40. Kg2 Ra1
41. Rh8 Kg6 42. Nxg4 Rxc4 43. Rh6+ Kg7 44. Nxe5 fxe5 45. Re6 Rc7 46. Rxe5 Ra2
47. Rg5+ Kf6 48. Rb5 Rc6 49. g4 Kg6 50. Kg3 Rf6 51. f3 Ra1 52. Rba5 Rg1+ 53. Kf2
Rxg4 54. Rg8+ 1-0

[Event "Corporation Cup 2014"]
[Site "Izhevsk RUS"]
[Date "2014.07.14"]
[Round "3.8"]
[White "Zakhartsov, Viacheslav V."]
[Black "Drygalov, Sergey"]
[Result "1-0"]
[WhiteTitle "GM"]
[WhiteElo "2544"]
[BlackElo "2111"]
[WhiteFideId "4115333"]
[BlackFideId "24171743"]
[EventDate "2014.07.12"]

1. d4 d5 2. c4 c6 3. Nf3 Nf6 4. Nc3 e6 5. Bg5 h6 6. Bxf6 Qxf6 7. e3 Nd7 8. Bd3
g6 9. e4 dxc4 10. e5 Qe7 11. Bxc4 Bg7 12. O-O O-O 13. Re1 Nb6 14. Bb3 c5 15.
dxc5 Rd8 16. Qe2 Nd7 17. Nb5 Nxc5 18. Bc2 Bd7 19. b4 Na6 20. a3 Bc6 21. Be4 Bxe4
22. Qxe4 Rd5 23. Nc3 Rd7 24. Rac1 Rad8 25. Nb5 Rd5 26. Nxa7 Qd7 27. Qc2 Bf8 28.
Nc8 Qb5 29. Nd6 Bxd6 30. exd6 R8xd6 31. Qb2 Rc6 32. Rxc6 bxc6 33. Qf6 Rf5 34.
Qd8+ Kh7 35. Nd4 Re5 36. Rf1 Rd5 37. Qe7 1-0

[Event "Corporation Cup 2014"]
[Site "Izhevsk RUS"]
[Date "2014.07.14"]
[Round "3.9"]
[White "Kokarev, Dmitry"]
[Black "Esipenko, Andrey"]
[Result "1-0"]
[WhiteTitle "GM"]
[BlackTitle "FM"]
[WhiteElo "2650"]
[BlackElo "2286"]
[WhiteFideId "4132181"]
[BlackFideId "24175439"]
[EventDate "2014.07.12"]

1. e4 c5 2. Nf3 Nc6 3. d4 cxd4 4. Nxd4 Nf6 5. Nc3 d6 6. Bg5 e6 7. Qd2 a6 8.
O-O-O h6 9. Nxc6 bxc6 10. Bf4 d5 11. Qe3 Bb4 12. Be2 O-O 13. e5 Nh7 14. h4 Qa5
15. Rh3 Rb8 16. Bxh6 Rb7 17. Rg3 f6 18. exf6 Rxf6 19. Bg5 Bc5 20. Qd3 Rxf2 21.
Be3 Bxe3+ 22. Qxe3 Qb6 23. Qxb6 Rxb6 24. Bf3 e5 25. Re1 Bf5 26. Rxe5 Bxc2 27.
Be2 Bf5 28. Rf3 Rxf3 29. Bxf3 Bd7 30. a3 Nf6 31. Na4 Rb8 32. Nc5 a5 33. Re7 Bf5
34. Rc7 Rb6 35. Rb7 Rb5 36. Rxb5 cxb5 37. Nb7 a4 38. Be2 d4 39. Nc5 Nd7 40. Nxd7
Bxd7 41. Kd2 Kf7 42. Kd3 b4 43. Kxd4 bxa3 44. bxa3 Kf6 45. Bd3 g5 46. g3 gxh4
47. gxh4 Kg7 48. Kc5 Kh6 49. Be2 Be6 50. Bc4 Bd7 51. Bb5 1-0

[Event "Corporation Cup 2014"]
[Site "Izhevsk RUS"]
[Date "2014.07.15"]
[Round "4.2"]
[White "Sjugirov, Sanan"]
[Black "Gabrielian, Artur"]
[Result "1-0"]
[WhiteTitle "GM"]
[BlackTitle "GM"]
[WhiteElo "2643"]
[BlackElo "2558"]
[WhiteFideId "4189302"]
[BlackFideId "4131002"]
[EventDate "2014.07.12"]

1. e4 c5 2. Nf3 d6 3. d4 cxd4 4. Qxd4 a6 5. h3 Nf6 6. c4 g6 7. Nc3 Nc6 8. Qe3
Bg7 9. Be2 O-O 10. O-O Nd7 11. Rd1 Nc5 12. Bd2 e5 13. Qg5 Qxg5 14. Bxg5 Nd4 15.
Nxd4 exd4 16. Nd5 Nxe4 17. Be7 Re8 18. Bf3 Be6 19. Nc7 Rxe7 20. Nxa8 Bxc4 21.
Rac1 d5 22. Nb6 Bh6 23. b3 Re6 24. bxc4 Bxc1 25. Nxd5 Bg5 26. Rxd4 Nd2 27. h4
Nxf3+ 28. gxf3 Bd8 29. h5 gxh5 30. Nf4 Re1+ 31. Kg2 Be7 32. Rd7 b5 33. c5 Kf8
34. c6 Ke8 35. Nxh5 Rc1 36. Ng7+ Kf8 37. Nf5 Bf6 38. Rd6 Be7 39. Rd7 Bg5 40. f4
Bf6 41. c7 Ke8 42. Rd6 Be7 43. Ng7+ Kf8 44. Rd8+ Kxg7 45. c8=Q Rxc8 46. Rxc8 a5
47. Ra8 a4 48. Ra5 a3 49. Rxb5 Kg6 50. Rb6+ f6 51. Kf3 h5 52. Ke4 h4 53. Kf3 h3
54. Rb8 Bd6 55. Rh8 1-0

[Event "Corporation Cup 2014"]
[Site "Izhevsk RUS"]
[Date "2014.07.15"]
[Round "4.3"]
[White "Zakhartsov, Viacheslav V."]
[Black "Smirnov, Pavel"]
[Result "1/2-1/2"]
[WhiteTitle "GM"]
[BlackTitle "GM"]
[WhiteElo "2544"]
[BlackElo "2626"]
[WhiteFideId "4115333"]
[BlackFideId "4123425"]
[EventDate "2014.07.12"]

1. d4 d5 2. c4 e6 3. Nf3 Nf6 4. Nc3 c6 5. Bg5 dxc4 6. e4 b5 7. e5 h6 8. Bh4 g5
9. Nxg5 hxg5 10. Bxg5 Be7 11. exf6 Bxf6 12. Bxf6 Qxf6 13. g3 Bb7 14. Bg2 Na6 15.
Ne4 Qe7 16. O-O O-O-O 17. a4 f5 18. axb5 cxb5 19. Rxa6 Bxa6 20. Nc5 Qxc5 21.
dxc5 Rxd1 22. Rxd1 b4 23. Ra1 Bb5 24. Rxa7 c3 25. Ra8+ Kc7 26. Ra7+ Kc8 27. Ra8+
Kc7 28. Ra7+ Kc8 1/2-1/2

[Event "Corporation Cup 2014"]
[Site "Izhevsk RUS"]
[Date "2014.07.15"]
[Round "4.4"]
[White "Artemiev, Vladislav"]
[Black "Kanter, Eduard"]
[Result "1-0"]
[WhiteTitle "GM"]
[BlackTitle "IM"]
[WhiteElo "2652"]
[BlackElo "2395"]
[WhiteFideId "24101605"]
[BlackFideId "4103963"]
[EventDate "2014.07.12"]

1. e4 c5 2. Nf3 d6 3. d4 cxd4 4. Qxd4 Nc6 5. Bb5 Bd7 6. Bxc6 Bxc6 7. Nc3 e5 8.
Qd3 h6 9. Nd2 Nf6 10. Nc4 Be7 11. Ne3 g6 12. Bd2 Qb6 13. f3 Qd4 14. Qe2 O-O 15.
O-O-O Qc5 16. Be1 Rfd8 17. Bh4 b5 18. Bf2 Qb4 19. Kb1 Rac8 20. g4 Qa5 21. h4 b4
22. Ncd5 Nxd5 23. Nxd5 Bxd5 24. Rxd5 Qa4 25. Be3 Rc7 26. Bxh6 Rdc8 27. Rd2 Rc5
28. Qd3 Rc3 29. bxc3 bxc3 30. Rdh2 Rb8+ 31. Kc1 d5 32. exd5 Qxa2 33. Kd1 Rb4 34.
Be3 Rb2 35. d6 Qb1+ 36. Bc1 Ra2 37. Qxc3 Bxd6 38. Qb3 Qa1 39. c3 Ra6 40. Rb2 Bc5
41. Kc2 1-0

[Event "Corporation Cup 2014"]
[Site "Izhevsk RUS"]
[Date "2014.07.15"]
[Round "4.5"]
[White "Zakhartsov, Vladimir"]
[Black "Kokarev, Dmitry"]
[Result "1/2-1/2"]
[WhiteTitle "IM"]
[BlackTitle "GM"]
[WhiteElo "2391"]
[BlackElo "2650"]
[WhiteFideId "4145097"]
[BlackFideId "4132181"]
[EventDate "2014.07.12"]

1. e4 c5 2. Nf3 d6 3. d4 cxd4 4. Nxd4 Nf6 5. Nc3 a6 6. Be3 e5 7. Nb3 Be6 8. h3
Nbd7 9. g4 h6 10. Qd2 b5 11. O-O-O Nb6 12. f4 b4 13. Nd5 Nxe4 14. Qxb4 Nxd5 15.
Qa4+ Qd7 16. Qxe4 Nxe3 17. Qxa8+ Qc8 18. Qxc8+ Bxc8 19. Re1 exf4 20. Nd2 d5 21.
Bd3 Be7 22. c3 h5 23. Nf3 g5 24. Nd4 Bc5 25. b4 Bxd4 26. cxd4 Ke7 27. Kd2 Kd6
28. Be2 Be6 29. Rc1 Nc4+ 30. Kc3 hxg4 31. hxg4 Rc8 32. Kd3 Ke7 33. Bf3 Rb8 34.
Kc3 Nd6 35. Be2 Ne4+ 36. Kb3 a5 37. a3 axb4 38. axb4 f3 39. Rc7+ Kd6 40. Rhc1
Nd2+ 41. Ka3 Ra8+ 42. Kb2 Nc4+ 43. Bxc4 dxc4 44. Rc5 Ra4 45. Rxg5 Rxb4+ 46. Kc2
Rb3 47. d5 Bxd5 48. Rd1 Rb5 49. Rf5 Kc6 50. Rf6+ Be6 51. Rxf3 Bxg4 52. Rxf7
Bxd1+ 53. Kxd1 Rb2 54. Rf5 Rb5 55. Rxb5 Kxb5 56. Kc2 Kb4 57. Kb2 c3+ 58. Kc2 Kc4
59. Kc1 Kb3 60. Kb1 c2+ 61. Kc1 Kc3 1/2-1/2

[Event "Corporation Cup 2014"]
[Site "Izhevsk RUS"]
[Date "2014.07.15"]
[Round "4.6"]
[White "Duzhakov, Ilya"]
[Black "Ponkratov, Pavel"]
[Result "0-1"]
[WhiteTitle "FM"]
[BlackTitle "GM"]
[WhiteElo "2384"]
[BlackElo "2610"]
[WhiteFideId "4192516"]
[BlackFideId "4157800"]
[EventDate "2014.07.12"]

1. d4 Nf6 2. c4 e6 3. Nc3 Bb4 4. e3 O-O 5. Ne2 c6 6. a3 Ba5 7. b4 Bc7 8. Ng3 d5
9. Bb2 Nbd7 10. Rc1 Re8 11. Be2 dxc4 12. Bxc4 e5 13. Qb3 exd4 14. Bxf7+ Kh8 15.
Nd1 Rf8 16. Bxd4 Ne5 17. Bc4 h5 18. Be2 h4 19. Nf1 Re8 20. Nd2 Nd5 21. Nf3 Qf6
22. Qb2 h3 23. Nxe5 hxg2 24. Rg1 Bxe5 25. Bxe5 Rxe5 26. Rxg2 Bf5 27. Rg3 Rae8
28. Rc4 Qh6 29. h4 Be4 30. Bf3 Nf6 31. Bxe4 Rxe4 32. Rxe4 Rxe4 33. Qd2 Nd5 34.
Qd3 Rxh4 35. Qf5 Nf6 36. Nc3 Rh5 37. Qc8+ Kh7 38. Qxb7 Rh1+ 39. Kd2 Nh5 40. Rg4
Qf6 41. Qd7 Qxf2+ 42. Kd3 Rc1 43. Kc4 Qa2+ 44. Kd4 0-1

[Event "Corporation Cup 2014"]
[Site "Izhevsk RUS"]
[Date "2014.07.15"]
[Round "4.7"]
[White "Faizrakhmanov, Ramil"]
[Black "Ulko, Jaroslav"]
[Result "0-1"]
[WhiteTitle "FM"]
[BlackTitle "IM"]
[WhiteElo "2347"]
[BlackElo "2461"]
[WhiteFideId "24103209"]
[BlackFideId "4116658"]
[EventDate "2014.07.12"]

1. d4 Nf6 2. c4 g6 3. Nc3 Bg7 4. e4 d6 5. Nf3 O-O 6. h3 e5 7. d5 Nh5 8. g3 Na6
9. Be2 f5 10. exf5 gxf5 11. Ng5 Nf6 12. g4 Qe8 13. Rg1 fxg4 14. hxg4 Qg6 15. Be3
Nb4 16. Rc1 Bh6 17. Qd2 Bxg5 18. Bxg5 Nxa2 19. Bd3 e4 20. Nxa2 exd3 21. Bxf6
Rxf6 22. Rc3 Rf3 23. Nb4 Bxg4 24. Rxd3 Re8+ 25. Re3 Qb1+ 26. Qd1 Rfxe3+ 0-1

[Event "Corporation Cup 2014"]
[Site "Izhevsk RUS"]
[Date "2014.07.15"]
[Round "4.8"]
[White "Ozolin, Maxim"]
[Black "Ziatdinov, Raset"]
[Result "1/2-1/2"]
[WhiteTitle "IM"]
[BlackTitle "GM"]
[WhiteElo "2396"]
[BlackElo "2348"]
[WhiteFideId "4133340"]
[BlackFideId "2015323"]
[EventDate "2014.07.12"]

1. e4 e5 2. Nf3 Nc6 3. Bb5 a6 4. Ba4 Nf6 5. O-O Be7 6. Re1 b5 7. Bb3 d6 8. c3
O-O 9. h3 Bb7 10. d4 h6 11. Nbd2 Re8 12. Nf1 Bf8 13. Ng3 g6 14. a3 Bg7 15. Bc2
Na5 16. b3 exd4 17. cxd4 c5 18. Bb2 Nd7 19. Bc3 Nc6 20. Qd2 cxd4 21. Nxd4 Nxd4
22. Bxd4 Bxd4 23. Qxd4 Rc8 24. Re2 Qf6 25. Rd1 Qxd4 26. Rxd4 d5 27. Rdd2 Nb6 28.
e5 Rc3 29. Kh2 a5 30. f4 a4 31. bxa4 bxa4 32. f5 Ba6 33. Rf2 g5 34. e6 fxe6 35.
Nh5 e5 36. Nf6+ Kf7 37. Nxe8 Kxe8 38. f6 Kf8 39. Bg6 Rc6 40. Bh5 e4 41. Rf5 Bc4
42. f7 Re6 43. Rb2 Bb3 44. Rb1 e3 45. Rc1 Bc4 46. Rb1 Bb3 47. Rc1 Bc4 48. Rb1 1/2-1/2

[Event "Corporation Cup 2014"]
[Site "Izhevsk RUS"]
[Date "2014.07.15"]
[Round "4.9"]
[White "Demchenko, Anton"]
[Black "Palachev, Petr"]
[Result "1-0"]
[WhiteTitle "GM"]
[BlackTitle "FM"]
[WhiteElo "2619"]
[BlackElo "2340"]
[WhiteFideId "4160258"]
[BlackFideId "24129003"]
[EventDate "2014.07.12"]

1. e4 e6 2. d4 d5 3. Nd2 dxe4 4. Nxe4 Nd7 5. Nf3 Ngf6 6. Bd3 Nxe4 7. Bxe4 Nf6 8.
Bg5 Be7 9. Bd3 c5 10. dxc5 Qa5+ 11. c3 Qxc5 12. Qc2 Bd7 13. Be3 Qc7 14. O-O-O
Bc6 15. Nd4 Ng4 16. Bxh7 Nxe3 17. fxe3 Qe5 18. Nxc6 Qxe3+ 19. Kb1 bxc6 20. Rhe1
Qc5 21. Be4 Rxh2 22. Qb3 Rd8 23. Rxd8+ Bxd8 24. Qb8 Rh5 25. Qc8 Ke7 26. Rd1 Bb6
27. Rf1 f5 28. Bxc6 Rh6 29. g4 f4 30. Qd7+ Kf6 31. Rxf4+ Kg5 32. Rf1 Qe5 33.
Qe7+ Kg6 34. Ba4 Rh2 35. Qf7+ Kh7 36. Bc2+ Rxc2 37. Kxc2 Qe4+ 38. Kb3 Qd5+ 39.
Kc2 Qe4+ 40. Kb3 Qd5+ 41. c4 Qd3+ 42. Kb4 Qd2+ 43. Ka4 Qc2+ 44. Kb5 Qxb2+ 45.
Kc6 Bg1 46. c5 Be3 47. Rh1+ Bh6 48. Rxh6+ 1-0

[Event "Corporation Cup 2014"]
[Site "Izhevsk RUS"]
[Date "2014.07.16"]
[Round "5.1"]
[White "Khismatullin, Denis"]
[Black "Sjugirov, Sanan"]
[Result "0-1"]
[WhiteTitle "GM"]
[BlackTitle "GM"]
[WhiteElo "2680"]
[BlackElo "2643"]
[WhiteFideId "4142578"]
[BlackFideId "4189302"]
[EventDate "2014.07.12"]

1. c4 Nf6 2. d4 e6 3. Nf3 b6 4. a3 Ba6 5. Qc2 Bb7 6. Nc3 c5 7. dxc5 bxc5 8. Bf4
Bxf3 9. gxf3 Nh5 10. Bd2 Nc6 11. e3 Be7 12. f4 Qb6 13. Bg2 Rb8 14. Bf3 Nf6 15.
Na4 Qa6 16. Rg1 Na5 17. Nxc5 Bxc5 18. b4 Nxc4 19. Be2 Bxb4 20. Bxc4 Bxd2+ 21.
Kxd2 Qa5+ 22. Ke2 Qh5+ 23. Ke1 O-O 24. Qc3 Qxh2 25. Rg5 Qxf2+ 26. Kxf2 Ne4+ 27.
Kf3 Nxc3 28. Rc1 d5 29. Bd3 Rb3 0-1

[Event "Corporation Cup 2014"]
[Site "Izhevsk RUS"]
[Date "2014.07.16"]
[Round "5.2"]
[White "Smirnov, Pavel"]
[Black "Artemiev, Vladislav"]
[Result "1/2-1/2"]
[WhiteTitle "GM"]
[BlackTitle "GM"]
[WhiteElo "2626"]
[BlackElo "2652"]
[WhiteFideId "4123425"]
[BlackFideId "24101605"]
[EventDate "2014.07.12"]

1. d4 d5 2. c4 c6 3. Nc3 Nf6 4. e3 g6 5. Nf3 Bg7 6. cxd5 cxd5 7. Bb5+ Nc6 8. Ne5
Qd6 9. Qa4 Bd7 10. Nxd7 Nxd7 11. b3 O-O 12. Ba3 Qe6 13. Bxc6 bxc6 14. Rc1 a5 15.
Ne2 Rfc8 16. Bc5 Qg4 17. Ng3 e5 18. O-O Nxc5 19. Rxc5 exd4 20. Rxc6 h5 21. h3
Qg5 22. exd4 Re8 23. Rc2 h4 24. Ne2 Qf5 25. Rd2 Bh6 26. f4 Re3 27. Rf2 Bf8 28.
a3 Rae8 29. b4 axb4 30. axb4 Qb1+ 31. Rd1 Qb2 32. Rdf1 R8e4 33. Ng3 Qxd4 34.
Nxe4 dxe4 35. Kh1 Rd3 36. Qe8 e3 37. Rf3 Rd1 38. Rxd1 Qxd1+ 39. Kh2 e2 40. Re3
Qf1 41. Rxe2 1/2-1/2

[Event "Corporation Cup 2014"]
[Site "Izhevsk RUS"]
[Date "2014.07.16"]
[Round "5.3"]
[White "Ponkratov, Pavel"]
[Black "Zakhartsov, Viacheslav V."]
[Result "1-0"]
[WhiteTitle "GM"]
[BlackTitle "GM"]
[WhiteElo "2610"]
[BlackElo "2544"]
[WhiteFideId "4157800"]
[BlackFideId "4115333"]
[EventDate "2014.07.12"]

1. d4 Nf6 2. c4 e6 3. g3 c5 4. d5 exd5 5. cxd5 d6 6. a4 g6 7. Ra3 Bg7 8. Re3+
Kf8 9. Ra3 Na6 10. Nc3 Nb4 11. Bg2 b6 12. Nh3 Ng4 13. O-O h5 14. Ng5 Ne5 15.
Nce4 Bf5 16. f4 Nc4 17. Rc3 b5 18. axb5 Nb6 19. Rcf3 Qd7 20. Nc3 Re8 21. h3 Bc2
22. Qd2 Nc4 23. Qe1 Nd3 24. exd3 Rxe1 25. Rxe1 Bd4+ 26. Kh2 Nb6 27. f5 gxf5 28.
Ref1 Kg8 29. Rxf5 f6 30. Be4 c4 31. Ne6 Bxc3 32. Rg5+ Kf7 33. Rg7+ 1-0

[Event "Corporation Cup 2014"]
[Site "Izhevsk RUS"]
[Date "2014.07.16"]
[Round "5.4"]
[White "Ulko, Jaroslav"]
[Black "Goganov, Aleksey"]
[Result "1/2-1/2"]
[WhiteTitle "IM"]
[BlackTitle "GM"]
[WhiteElo "2461"]
[BlackElo "2590"]
[WhiteFideId "4116658"]
[BlackFideId "24109959"]
[EventDate "2014.07.12"]

1. d4 Nf6 2. c4 e6 3. Nc3 Bb4 4. e3 O-O 5. Nf3 c5 6. Bd3 Nc6 7. d5 Bxc3+ 8. bxc3
Ne7 9. d6 Nc6 10. O-O Ne8 11. e4 e5 12. Bg5 f6 13. Be3 b6 14. Be2 Bb7 15. Nh4
Qb8 16. Bg4 Nxd6 17. Bxd7 Ne7 18. f4 Nxe4 19. Qg4 Kh8 20. f5 Rd8 21. Be6 Rd3 22.
Rae1 Qe8 23. Rf3 Rad8 24. Rh3 Ng5 25. Bxg5 Rxh3 26. gxh3 fxg5 27. Qxg5 Qf8 28.
Rxe5 Rd1+ 29. Kf2 Qf6 30. Qxf6 gxf6 31. Re3 Rd2+ 32. Kg3 Kg7 33. a3 Kf8 34. Nf3
Bxf3 35. Kxf3 Rxh2 36. Ke4 Rd2 37. a4 Rd1 38. Re2 h5 39. a5 bxa5 40. Ra2 Re1+
41. Kf4 Rf1+ 42. Ke4 Re1+ 1/2-1/2

[Event "Corporation Cup 2014"]
[Site "Izhevsk RUS"]
[Date "2014.07.16"]
[Round "5.5"]
[White "Kokarev, Dmitry"]
[Black "Ozolin, Maxim"]
[Result "1-0"]
[WhiteTitle "GM"]
[BlackTitle "IM"]
[WhiteElo "2650"]
[BlackElo "2396"]
[WhiteFideId "4132181"]
[BlackFideId "4133340"]
[EventDate "2014.07.12"]

1. g3 d5 2. Nf3 Nf6 3. Bg2 c6 4. O-O Bg4 5. d3 Nbd7 6. h3 Bh5 7. Nbd2 e5 8. e4
Bd6 9. Qe1 O-O 10. Nh4 Re8 11. Nf5 Bf8 12. a3 Bg6 13. Nh4 Nc5 14. b3 dxe4 15.
Nxg6 hxg6 16. Nxe4 Nfxe4 17. dxe4 Ne6 18. Bb2 Qc7 19. Qe2 Rad8 20. Rfd1 Bc5 21.
b4 Bd4 22. c3 Bb6 23. h4 Qe7 24. Bh3 a5 25. Kg2 axb4 26. axb4 Nc7 27. Rh1 Rd6
28. Bc1 Nb5 29. Qc4 Kf8 30. Bg4 Red8 31. Ra2 Rd3 32. Rc2 R3d6 33. Qa2 Rd3 34.
Bg5 f6 35. Bd2 Qf7 36. Be6 Qe8 37. Bc4 R3d6 38. Qb2 Qd7 39. Be1 Qg4 40. f3 Qd7
41. h5 gxh5 42. Rxh5 g6 43. Rh1 Kg7 44. Kf1 Rd1 45. Be2 Rxe1+ 46. Kxe1 Be3 47.
Kf1 f5 48. exf5 gxf5 49. Kg2 Qe7 50. Qa1 Qg5 51. Bxb5 Bf4 52. Kf1 Bxg3 53. Rg2
Kf6 54. Rh3 f4 55. Be2 Qf5 56. Rhxg3 fxg3 57. Rxg3 Qc2 58. Qe1 Rd2 59. Rg4 Qxc3
60. Qh4+ 1-0